|
|
|
|
| LEADER |
00000nas a22000007a 4500 |
| 001 |
ssj0001564 |
| 003 |
WaSeSS |
| 005 |
20200512172242.0 |
| 006 |
m d |
| 007 |
cr n |
| 008 |
050614d19972003caumr pss 0 a0eng c |
| 010 |
|
|
|a 2011201768
|
| 016 |
7 |
|
|a 023162600
|2 DE-101
|
| 016 |
7 |
|
|a 2070424-0
|2 DE-600
|
| 022 |
|
|
|a 2163-5994
|y 1092-8332
|
| 035 |
|
|
|a (WaSeSS)ssj0001564
|
| 037 |
|
|
|b Crain Communications Inc., 245 Fischer Ave. B-2, Costa Mesa, CA 92626
|c $59.00
|
| 040 |
|
|
|a OCLCS
|b eng
|c OCLCS
|d OCLCQ
|d UV$
|d CUD
|d Z5A
|d TXJ
|d DEBBG
|d OCLCQ
|d DLC
|d OCLCQ
|d GBVCP
|d OCLCQ
|d COO
|d OCLCO
|d VT2
|d OCLCF
|d OCLCO
|d OCLCQ
|d WaSeSS
|
| 042 |
|
|
|a pcc
|a nsdp
|
| 050 |
|
4 |
|a HF5549.A2
|b P5
|
| 070 |
0 |
|
|a HF5549.A2W67
|
| 072 |
|
0 |
|a X700
|
| 082 |
0 |
4 |
|a 658.3/005
|2 19
|
| 130 |
0 |
|
|a Workforce (Costa Mesa, Calif. : Online)
|
| 222 |
|
0 |
|a Workforce
|b (Costa Mesa, Calif. Online)
|
| 245 |
1 |
0 |
|a Workforce
|h [electronic resource].
|
| 246 |
3 |
|
|a Work force
|
| 246 |
3 |
|
|a Workforce: the business magazine for leaders in human resources
|
| 260 |
|
|
|a Costa Mesa, CA :
|b ACC Communications Inc.
|
| 310 |
|
|
|a Monthly
|
| 362 |
1 |
|
|a Print began with v. 76, no. 1 (Jan. 1997); ceased with v. 82, no. 6 (June 2003).
|
| 500 |
|
|
|a Published: Crain Communications, Sept. 2002-June 2003.
|
| 506 |
|
|
|a License restrictions may limit access.
|
| 515 |
|
|
|a Vol. 76, no. 1 (Jan. 1997) also called Special collectors' ed.
|
| 525 |
|
|
|a Has also occasional supplements, some with titles: Workforce tools; Workforce extra; Workforce products & services directory.
|
| 588 |
|
|
|a Description based: Vol. 76, no. 1 (Jan. 1997); title from PDF masthead (Proquest's website, viewed on Sept. 14, 2011).
|
| 588 |
|
|
|a Latest issue consulted: Vol. 86, no. 6 (June 2003) (Proquest's website, viewed on Sept. 14, 2011).
|
| 650 |
|
0 |
|a Personnel management
|v Periodicals.
|
| 650 |
|
7 |
|a Personnel management.
|2 fast
|0 (OCoLC)fst01058797
|
| 650 |
1 |
7 |
|a Personeelsmanagement.
|2 gtt
|
| 650 |
1 |
7 |
|a PERSONNEL MANAGEMENT.
|2 unbist
|
| 655 |
|
0 |
|a Electronic journals.
|
| 740 |
0 |
2 |
|a Workforce tools.
|
| 740 |
0 |
2 |
|a Workforce extra.
|
| 740 |
0 |
2 |
|a Workforce products & services directory.
|
| 770 |
0 |
|
|t Global workforce
|
| 776 |
0 |
8 |
|i Print version:
|t Workforce (Costa Mesa, Calif.)
|x 1092-8332
|w (DLC) 97656142
|w (OCoLC)36210566
|
| 780 |
0 |
0 |
|t Personnel journal
|
| 785 |
0 |
0 |
|t Workforce management
|
| 856 |
4 |
0 |
|z Full text available from Research Library: 01/01/1997 to 06/30/2003
|u https://search.proquest.com/publication/41921
|